[Event "Panama City Criollo op"]
[White "Olivares Tejeira, Abraham Isaac"]
[Black "Gutierrez Espinosa, Karen"]
[Site "Panama City"]
[Round "2"]
[Result "1/2-1/2"]
[Date "2024.11.03"]
[WhiteElo "1891"]
[BlackElo "2092"]
[PlyCount "137"]
[EventDate "2024.11.02"]
[EventType "swiss"]
[EventRounds "6"]
[EventCountry "PAN"]
[SourceTitle "CB45_2024"]
[Source "ChessBase"]
[SourceDate "2024.11.06"]
[SourceVersion "1"]
[SourceVersionDate "2024.11.06"]
[SourceQuality "1"]

1. e4 c5 2. Nf3 d6 3. d4 cxd4 4. Nxd4 Nf6 5. Nc3 g6 6. Be3 Bg7 7. f3 0-0 8. Qd2 Nc6 9. g4 Qa5 10. Nb3 Qd8 11. 0-0-0 Be6 12. Nd4 Nxd4 13. Bxd4 Qa5 14. Kb1 Rfc8 15. Nd5 Qxd2 16. Nxf6+ Bxf6 17. Rxd2 Bg5 18. Rd1 Bf4 19. b3 d5 20. Bd3 f6 21. Rhe1 Kf7 22. Re2 dxe4 23. Bxe4 Rc7 24. Rde1 Bc8 25. Bd5+ Kf8 26. Rxe7 Rxe7 27. Bc5 Be5 28. f4 Kg7 29. Bxe7 Bxf4 30. h3 Be5 31. c4 h5 32. Bf3 hxg4 33. hxg4 Be6 34. g5 Bf5+ 35. Be4 Rh8 36. Bxf5 gxf5 37. gxf6+ Bxf6 38. Re6 Rh6 39. Bxf6+ Rxf6 40. Re7+ Rf7 41. Re2 Kg6 42. Kc1 f4 43. Kd1 f3 44. Rf2 Kg5 45. Ke1 Kg4 46. Rd2 Kg3 47. Rd6 Re7+ 48. Kf1 Kf4 49. Rf6+ Ke3 50. Rd6 Rf7 51. Re6+ Kd3 52. Kf2 Kc2 53. Re5 Kb2 54. Ra5 b6 55. Ra4 Kc3 56. c5 bxc5 57. Rc4+ Kb2 58. Ra4 Kb1 59. Ra5 Ka1 60. Ra4 Kb2 61. Ra5 Kb1 62. Ra4 Rh7 63. Kxf3 Rh2 64. Rxa7 Rxa2 65. Rc7 Rc2 66. Ke4 Kb2 67. Kd5 Kxb3 68. Rxc5 Rxc5+ 69. Kxc5 1/2-1/2